Mezinárodní výrobní komplexy společenství RVHP Adaptace na nové podmínky

Salvato in:
Dettagli Bibliografici
Natura: Libro
Lingua:ceco
Pubblicazione: Praha Academia 1988
Edizione:1. vyd.
Tags: Aggiungi Tag
Nessun Tag, puoi essere il primo ad aggiungerne!!

MARC

LEADER 00000nam a2200000 4500
001 c034228
005 20221219085344.1
041 0 |a cze 
044 |a CZ 
245 1 0 |a Mezinárodní výrobní komplexy společenství RVHP  |b Adaptace na nové podmínky 
250 |a 1. vyd. 
264 1 |a Praha  |b Academia  |c 1988 
300 |a 228 s.